Nová cudzojazyčná lexika v ruskom a slovenskom odbornom texte

Pojem cudzí jazyk. Proces preberania cudzích slov v Ruskom jazyku. Nová prevzatá lexika a jej ekvivalenty v slovenskom jazyku.

Enregistré dans:
Détails bibliographiques
Auteur principal: Strelková, Katarína
Format: Chapitre de livre
Langue:slovaque
Sujets:
Tags: Ajouter un tag
Pas de tags, Soyez le premier à ajouter un tag!

MARC

LEADER 00000naa a2200000 4500
001 0159718
005 20240502072752.3
041 0 |a slo 
044 |a SK 
245 1 0 |a Nová cudzojazyčná lexika v ruskom a slovenskom odbornom texte  |c Katarína Strelková 
520 |a Pojem cudzí jazyk. Proces preberania cudzích slov v Ruskom jazyku. Nová prevzatá lexika a jej ekvivalenty v slovenskom jazyku. 
610 2 0 |a zásoba slovná 
610 2 0 |a jazyky cudzie 
610 2 0 |a literatúra 
610 2 0 |a ruština 
610 2 0 |a slovenčina 
100 1 |a Strelková, Katarína